[Event "22nd European Club Cup 2006"]
[Site "?"]
[Date "2006.10.14"]
[Round "7"]
[White "Berndt, Stephan"]
[Black "Wagner, Stephan"]
[Result "1-0"]
[WhiteElo "2445"]
[BlackElo "2231"]
[PlyCount "101"]
[EventDate "2006.10.08"]

1. e4 d5 2. exd5 Qxd5 3. Nc3 Qd6 4. d4 Nf6 5. Nf3 c6 6. Be3 Bg4 7. h3 Bh5 8. g4
Bg6 9. Ne5 Nbd7 10. Nxg6 hxg6 11. Qf3 e6 12. O-O-O Qc7 13. Kb1 Nb6 14. g5 Nfd5
15. Nxd5 Nxd5 16. Bc1 b5 17. h4 Bd6 18. c4 bxc4 19. Bxc4 Rd8 20. h5 Rxh5 21.
Rxh5 gxh5 22. Qxh5 g6 23. Qf3 Qb6 24. Qd3 Rb8 25. Bb3 Qb5 26. Bc4 Qb6 27. Rh1
Qb4 28. Bb3 Bf8 29. Rh8 Rb7 30. Qc2 Qd6 31. Qc5 Qxc5 32. dxc5 Ke7 33. Rg8 e5
34. Bxd5 cxd5 35. b3 Rb8 36. c6 Ke6 37. c7 Rc8 38. Ba3 Rxc7 39. Rxf8 Kf5 40.
Re8 e4 41. Bd6 Rc6 42. Re5+ Kf4 43. Rxd5+ Kf3 44. Bc5 a6 45. b4 f6 46. Rd6 Rxd6
47. Bxd6 fxg5 48. Bc5 g4 49. a4 e3 50. Bxe3 g3 51. fxg3 1-0

[Event "22nd European Club Cup 2006"]
[Site "?"]
[Date "2006.10.14"]
[Round "7"]
[White "Frank, Paul"]
[Black "Schneider, Ilja"]
[Result "1/2-1/2"]
[WhiteElo "2189"]
[BlackElo "2368"]
[PlyCount "38"]
[EventDate "2006.10.08"]

1. d4 Nf6 2. Nf3 e6 3. g3 b5 4. Bg2 Bb7 5. O-O c5 6. Na3 a6 7. c4 cxd4 8. cxb5
Bxa3 9. bxa3 axb5 10. Qxd4 O-O 11. Bb2 Nc6 12. Qd3 Na5 13. Ng5 Re8 14. Bxb7
Nxb7 15. Bxf6 Qxf6 16. Qxh7+ Kf8 17. Qh4 Kg8 18. Qh7+ Kf8 19. Qh4 Kg8 1/2-1/2

[Event "22nd European Club Cup 2006"]
[Site "?"]
[Date "2006.10.14"]
[Round "7"]
[White "Nogly, Christoph"]
[Black "Hatzl, Johannes"]
[Result "1-0"]
[WhiteElo "2266"]
[BlackElo "2113"]
[PlyCount "49"]
[EventDate "2006.10.08"]

1. d4 d5 2. Nf3 c6 3. c4 e6 4. g3 dxc4 5. Bg2 b5 6. O-O Bb7 7. Ne5 Nd7 8. Nxc6
Qc8 9. d5 Ngf6 10. Nd4 Bxd5 11. Bxd5 exd5 12. Nxb5 a6 13. Nd4 Bc5 14. Nc3 O-O
15. Bf4 Nb6 16. Nf3 d4 17. Nxd4 Rd8 18. e3 Qh3 19. Qf3 Ng4 20. Qg2 Qxg2+ 21.
Kxg2 Bxd4 22. exd4 Rxd4 23. Rad1 Rad8 24. Bc7 Rxd1 25. Nxd1 1-0

[Event "22nd European Club Cup 2006"]
[Site "?"]
[Date "2006.10.14"]
[Round "7"]
[White "Maki Uuro, Miikka"]
[Black "Glek, Igor V"]
[Result "1/2-1/2"]
[WhiteElo "2392"]
[BlackElo "2538"]
[PlyCount "129"]
[EventDate "2006.10.08"]

1. Nf3 Nf6 2. c4 d6 3. d4 g6 4. Nc3 Bf5 5. Bg5 Bg7 6. e3 O-O 7. Bd3 Bxd3 8.
Qxd3 Nbd7 9. Bxf6 Bxf6 10. O-O c5 11. Rfd1 Bg7 12. Rac1 a6 13. dxc5 Nxc5 14.
Qe2 Nd7 15. Nd4 Rc8 16. Nb3 Re8 17. Nd5 b6 18. Nd4 e6 19. Nc3 Qc7 20. b3 Qb8
21. Qd2 Nf6 22. Nde2 Red8 23. a4 d5 24. cxd5 Nxd5 25. Nxd5 Rxd5 26. Rxc8+ Qxc8
27. Qc1 Qxc1 28. Rxc1 Rd2 29. Kf1 Rb2 30. Rc8+ Bf8 31. Nd4 Kg7 32. Rc7 Kf6 33.
Rc6 Bc5 34. a5 Bxd4 35. exd4 bxa5 36. Rxa6 Rxb3 37. Rxa5 Rd3 38. Ra4 Rd1+ 39.
Ke2 Rg1 40. Kf3 g5 41. h3 h5 42. Ra5 Re1 43. Ra6 Rd1 44. Ke3 h4 45. Rb6 Re1+
46. Kf3 Kf5 47. Rb5+ Kg6 48. Rb6 Kh5 49. Rb8 f5 50. Rh8+ Kg6 51. Rg8+ Kf6 52.
Rf8+ Ke7 53. Rg8 Kf6 54. Rf8+ Kg7 55. Rd8 Kf7 56. Rd7+ Kf6 57. Rd8 Re4 58. Rd7
Re1 59. Rd8 Ra1 60. Rf8+ Kg7 61. Rd8 Ra3+ 62. Ke2 f4 63. d5 exd5 64. Rxd5 Kf6
65. f3 1/2-1/2

[Event "22nd European Club Cup 2006"]
[Site "?"]
[Date "2006.10.14"]
[Round "7"]
[White "Ahn, Martin"]
[Black "Pulkkinen, Kari"]
[Result "1/2-1/2"]
[WhiteElo "2312"]
[BlackElo "2328"]
[PlyCount "70"]
[EventDate "2006.10.08"]

1. e4 c5 2. Nf3 d6 3. Bb5+ Nd7 4. d4 Ngf6 5. Nc3 cxd4 6. Qxd4 e5 7. Qd3 h6 8.
Be3 Be7 9. O-O O-O 10. Bc4 Nb6 11. Bb3 Bg4 12. Nh4 Kh7 13. h3 Be6 14. Nf5 Bxf5
15. exf5 d5 16. Bxb6 Qxb6 17. Nxd5 Nxd5 18. f6+ g6 19. fxe7 Nxe7 20. Rad1 Nc6
21. Qe3 Nd4 22. Qxe5 Nxb3 23. axb3 Rae8 24. Qd4 Qc6 25. c3 Re2 26. Qxa7 Rfe8
27. Qa3 Kg7 28. Qd6 Rxb2 29. Qxc6 bxc6 30. b4 Ree2 31. Rd6 c5 32. bxc5 Rec2 33.
Rd3 Rb5 34. Ra1 Rxc5 35. Re1 R2xc3 1/2-1/2

[Event "22nd European Club Cup 2006"]
[Site "?"]
[Date "2006.10.14"]
[Round "7"]
[White "Petzold, Klaus"]
[Black "Nieminen, Kari"]
[Result "1/2-1/2"]
[WhiteElo "2246"]
[BlackElo "2197"]
[PlyCount "90"]
[EventDate "2006.10.08"]

1. Nf3 c5 2. c4 g6 3. g3 Bg7 4. Bg2 Nc6 5. O-O e5 6. Nc3 Nge7 7. Ne1 O-O 8. Nc2
d6 9. Ne3 Be6 10. Ned5 Qd7 11. d3 Bh3 12. a3 Bxg2 13. Kxg2 Nxd5 14. Nxd5 Ne7
15. Nxe7+ Qxe7 16. e4 f5 17. f3 h5 18. Bd2 Rf7 19. Qe2 Raf8 20. Rae1 f4 21. Kh1
Kh7 22. Qg2 fxg3 23. Qxg3 Bh6 24. Bxh6 Kxh6 25. Rg1 g5 26. Re3 Rf4 27. Qg2 Qf6
28. Rf1 g4 29. Qd2 Kh7 30. b4 gxf3 31. Qf2 Qg5 32. Ree1 Rg4 33. bxc5 Rg2 34.
Rg1 Rg8 35. Rxg2 Qxg2+ 36. Qxg2 fxg2+ 37. Kg1 dxc5 38. Re2 Kh6 39. Rf2 h4 40.
Rxg2 Rg5 41. Kf2 Rxg2+ 42. Kxg2 Kg5 43. Kf3 a6 44. a4 b6 45. h3 a5 1/2-1/2

[Event "22nd European Club Cup 2006"]
[Site "?"]
[Date "2006.10.14"]
[Round "7"]
[White "Christensen, Tobias"]
[Black "Eliet, Nicolas"]
[Result "1/2-1/2"]
[WhiteElo "2349"]
[BlackElo "2439"]
[PlyCount "90"]
[EventDate "2006.10.08"]

1. e4 c6 2. d4 d5 3. Nc3 dxe4 4. Nxe4 Nd7 5. Bd3 Ndf6 6. Ne2 Nxe4 7. Bxe4 Nf6
8. Bf3 Bf5 9. O-O e6 10. a4 Bd6 11. a5 a6 12. Bf4 Bxf4 13. Nxf4 Qd6 14. Ne2
O-O-O 15. Qd2 h5 16. c3 Bg4 17. Qf4 Qxf4 18. Nxf4 Bxf3 19. gxf3 Rh6 20. Rfe1
Nd5 21. Nxd5 Rxd5 22. Re5 Rg6+ 23. Kf1 Rg5 24. Rxg5 Rxg5 25. h4 Rf5 26. Ke2 e5
27. dxe5 Rxe5+ 28. Kd3 Kd7 29. b4 c5 30. f4 Rd5+ 31. Ke4 Ke6 32. Rg1 g6 33. Rg5
f5+ 34. Ke3 Kf6 35. Rg1 Kf7 36. c4 Rd4 37. bxc5 Rxc4 38. Rb1 Re4+ 39. Kf3 Re7
40. Rb6 Rc7 41. Ke3 Rxc5 42. Rxb7+ Kf8 43. Rb6 Rxa5 44. Rxg6 Kf7 45. Rh6 Ra3+
1/2-1/2

[Event "22nd European Club Cup 2006"]
[Site "?"]
[Date "2006.10.14"]
[Round "7"]
[White "Laurent, Bruno"]
[Black "Rasmussen, Casper"]
[Result "1-0"]
[WhiteElo "2400"]
[BlackElo "2316"]
[PlyCount "71"]
[EventDate "2006.10.08"]

1. e4 c5 2. Nf3 d6 3. Bb5+ Bd7 4. Bxd7+ Qxd7 5. O-O Nc6 6. Re1 Nf6 7. c3 e6 8.
d4 cxd4 9. cxd4 d5 10. e5 Ne4 11. Nbd2 Nxd2 12. Bxd2 Be7 13. Rc1 O-O 14. Rc3
Rfc8 15. a3 b5 16. Rd3 Qd8 17. h4 Bxh4 18. g3 Be7 19. Kg2 g6 20. g4 b4 21. Rh1
bxa3 22. bxa3 Rab8 23. Rh6 Bf8 24. Rh3 Rb2 25. Qh1 Nb8 26. Rxh7 Bg7 27. Ne1 f5
28. Rdh3 Qd7 29. Bb4 Nc6 30. R3h6 Nxe5 31. dxe5 Rc4 32. Qh3 Rxg4+ 33. Kh1 Rg5
34. Rh8+ Kf7 35. R6h7 Rh5 36. Rf8# 1-0

[Event "22nd European Club Cup 2006"]
[Site "?"]
[Date "2006.10.14"]
[Round "7"]
[White "Kiik, Kalle"]
[Black "Sahl, Bjarke"]
[Result "1-0"]
[WhiteElo "2444"]
[BlackElo "2389"]
[PlyCount "103"]
[EventDate "2006.10.08"]

1. e4 c5 2. c3 e6 3. d4 d5 4. e5 Nc6 5. Nf3 Qb6 6. a3 Nh6 7. Bd3 cxd4 8. cxd4
Nf5 9. Bxf5 exf5 10. Nc3 Be6 11. b4 h6 12. h4 Be7 13. Be3 Rc8 14. Na4 Qb5 15.
Nc5 a5 16. Qe2 Qxe2+ 17. Kxe2 b6 18. Nxe6 fxe6 19. b5 Na7 20. a4 Kf7 21. Rhc1
Rxc1 22. Bxc1 Kg6 23. g3 Rc8 24. Kd3 Kh5 25. Bd2 Rc4 26. Ne1 Bb4 27. Nc2 Bxd2
28. Kxd2 Nc8 29. Kd3 Ne7 30. Ne3 Rc8 31. Rh1 Kg6 32. h5+ Kf7 33. f3 Rc7 34. g4
f4 35. Ng2 Rc4 36. Nxf4 Rxa4 37. Rc1 Rc4 38. Rxc4 dxc4+ 39. Kxc4 Nc8 40. Ne2
Ne7 41. Nc3 g5 42. hxg6+ Kxg6 43. f4 h5 44. gxh5+ Kxh5 45. d5 exd5+ 46. Nxd5
Nc8 47. f5 Kg5 48. f6 Kg6 49. Nc3 Kf7 50. Kd5 Na7 51. Kd6 a4 52. Kd7 1-0

[Event "22nd European Club Cup 2006"]
[Site "?"]
[Date "2006.10.14"]
[Round "7"]
[White "Tisdall, Jonathan"]
[Black "Ivanov, Sergei"]
[Result "1/2-1/2"]
[WhiteElo "2448"]
[BlackElo "2354"]
[PlyCount "61"]
[EventDate "2006.10.08"]

1. Nf3 Nf6 2. c4 e6 3. g3 d5 4. Bg2 Be7 5. O-O O-O 6. b3 Nbd7 7. Bb2 c6 8. Qc2
b6 9. d3 dxc4 10. dxc4 Qc7 11. Nc3 Bb7 12. Rad1 Rfd8 13. e4 e5 14. Nh4 Bf8 15.
Ne2 a5 16. h3 Nc5 17. f4 Rxd1 18. Rxd1 Nfd7 19. f5 b5 20. cxb5 cxb5 21. Nc3 Qb6
22. Kh2 Nf6 23. Qe2 Re8 24. Qxb5 Qxb5 25. Nxb5 Bxe4 26. Bxe4 Nfxe4 27. Nc7 Re7
28. Nd5 Re8 29. Nc7 Re7 30. Nd5 Re8 31. Nc7 1/2-1/2

[Event "22nd European Club Cup 2006"]
[Site "?"]
[Date "2006.10.14"]
[Round "7"]
[White "Aulin Jansson, Joran"]
[Black "Jouhki, Yrjo Markus"]
[Result "1-0"]
[WhiteElo "2221"]
[BlackElo "2298"]
[PlyCount "74"]
[EventDate "2006.10.08"]

1. Nf3 c5 2. c4 g6 3. g3 Bg7 4. Bg2 Nc6 5. O-O d6 6. Nc3 Qd7 7. Rb1 b6 8. a3
Bxc3 9. bxc3 Bb7 10. d3 f5 11. e4 O-O-O 12. exf5 gxf5 13. Ng5 e6 14. d4 h6 15.
Nxe6 Qxe6 16. d5 Qd7 17. dxc6 Bxc6 18. a4 Nf6 19. a5 Bxg2 20. Kxg2 Qc6+ 21. f3
Nd7 22. Bf4 Ne5 23. Qc2 Nxc4 24. Qxf5+ Rd7 25. axb6 axb6 26. Rfe1 Kb7 27. Re2
h5 28. h4 b5 29. Ra1 Nb6 30. Rea2 Ra8 31. Qxh5 Rxa2+ 32. Rxa2 Nd5 33. Qh8 Nxf4+
34. gxf4 Kb6 35. c4 b4 36. Qa1 Qb7 37. Ra8 Kc6 1-0

[Event "22nd European Club Cup 2006"]
[Site "?"]
[Date "2006.10.14"]
[Round "7"]
[White "Kosmo, Santul"]
[Black "Sahl, Sheila Barth"]
[Result "1/2-1/2"]
[WhiteElo "2280"]
[BlackElo "2192"]
[PlyCount "119"]
[EventDate "2006.10.08"]

1. e4 e5 2. Nf3 Nc6 3. Bc4 Nf6 4. Ng5 d5 5. exd5 Na5 6. Bb5+ c6 7. dxc6 bxc6 8.
Be2 h6 9. Nf3 e4 10. Ne5 Qd4 11. f4 Bc5 12. Rf1 Bd6 13. c3 Qb6 14. b4 Nb7 15.
Na3 O-O 16. Nac4 Qc7 17. d4 exd3 18. Qxd3 a5 19. bxa5 Bc5 20. Be3 Rd8 21. Qc2
Bxe3 22. Nxe3 Nd5 23. Nxd5 cxd5 24. Kf2 Qc5+ 25. Kg3 Nd6 26. Bd3 Rxa5 27. h3
Ra3 28. Rac1 Ba6 29. Kh2 Bxd3 30. Nxd3 Qc4 31. Ne5 Qa6 32. Qd3 Qxd3 33. Nxd3 d4
34. Nb4 dxc3 35. Rfd1 Nb7 36. Rxd8+ Nxd8 37. Nd5 Rxa2 38. Rxc3 Rd2 39. Ne3 g6
40. f5 Kg7 41. fxg6 Kxg6 42. Ng4 h5 43. Ne5+ Kf6 44. Nc4 Rd5 45. Rf3+ Kg6 46.
Rd3 Rxd3 47. Ne5+ Kg5 48. Nxd3 Nc6 49. Kg3 h4+ 50. Kf3 Kf5 51. Ne1 Ne5+ 52. Ke3
Nc4+ 53. Kd4 Ne5 54. Ke3 Nc4+ 55. Kf2 Ne5 56. Nf3 Nxf3 57. Kxf3 f6 58. Ke3 Ke5
59. Kf3 Kf5 60. Ke3 1/2-1/2

[Event "22nd European Club Cup 2006"]
[Site "?"]
[Date "2006.10.14"]
[Round "7"]
[White "Hammerstad, Asmund"]
[Black "Saastamoinen, Aarne"]
[Result "1/2-1/2"]
[WhiteElo "2223"]
[BlackElo "2175"]
[PlyCount "81"]
[EventDate "2006.10.08"]

1. d4 Nf6 2. c4 e6 3. Nc3 Bb4 4. Qc2 Nc6 5. e3 d6 6. Bd3 Qe7 7. Nge2 e5 8. O-O
Bxc3 9. Nxc3 exd4 10. Nd5 Nxd5 11. cxd5 Ne5 12. Bb5+ c6 13. dxc6 O-O 14. exd4
Nxc6 15. Be3 Bd7 16. Rfe1 Qf6 17. Qd2 Bf5 18. Rad1 Qg6 19. Bf4 d5 20. Re3 a6
21. Ba4 f6 22. Bb3 Qf7 23. Rde1 Kh8 24. h3 Rad8 25. a3 b6 26. Ba2 Qd7 27. b4
Rc8 28. Bb3 b5 29. f3 Bg6 30. Re6 Ne5 31. Rxa6 Nd3 32. Rd1 Ra8 33. Rxa8 Rxa8
34. Ra1 Qc6 35. Be3 Rc8 36. Kf1 h5 37. Bd1 Qc4 38. Be2 Qb3 39. Bd1 Qc4 40. Be2
Qb3 41. Bd1 1/2-1/2

[Event "22nd European Club Cup 2006"]
[Site "?"]
[Date "2006.10.14"]
[Round "7"]
[White "Trygstad, Kristian"]
[Black "Olafsson, Thorvardur"]
[Result "1-0"]
[WhiteElo "2327"]
[BlackElo "2151"]
[PlyCount "81"]
[EventDate "2006.10.08"]

1. e4 e5 2. Nf3 Nc6 3. Bb5 a6 4. Ba4 Nf6 5. O-O Be7 6. Re1 b5 7. Bb3 d6 8. c3
O-O 9. d3 Na5 10. Bc2 c5 11. Nbd2 Re8 12. Nf1 h6 13. Ng3 Bf8 14. d4 cxd4 15.
cxd4 Nc6 16. d5 Nb4 17. Bb1 a5 18. a3 Na6 19. b4 Bd7 20. Bd2 axb4 21. axb4 Qb6
22. Bd3 Nc7 23. Qc2 Ng4 24. Bc3 Rxa1 25. Bxa1 Rc8 26. Qd2 Na6 27. h3 Nf6 28.
Nh4 Nc7 29. Kh2 Nce8 30. Rf1 Ra8 31. Nhf5 Ra4 32. f4 exf4 33. Qxf4 Bxf5 34.
Nxf5 Rxb4 35. Nxh6+ gxh6 36. Bxf6 Nxf6 37. Qxf6 Qc7 38. Rf3 Rb3 39. Rg3+ Kh7
40. Qf5+ Kh8 41. Qg4 1-0

[Event "22nd European Club Cup 2006"]
[Site "?"]
[Date "2006.10.14"]
[Round "7"]
[White "Kovachev, Daniel"]
[Black "Bjornsson, Sverrir Orn"]
[Result "1/2-1/2"]
[WhiteElo "2132"]
[BlackElo "2067"]
[PlyCount "117"]
[EventDate "2006.10.08"]

1. e4 c5 2. a3 e6 3. b4 cxb4 4. axb4 Qb6 5. c3 d5 6. exd5 exd5 7. Nf3 Nf6 8.
Be2 Be7 9. O-O O-O 10. b5 Nbd7 11. Ba3 Re8 12. Bxe7 Rxe7 13. Na3 Nc5 14. Nd4
Nfe4 15. Nac2 Ne6 16. f4 Nxd4 17. Nxd4 Re6 18. Bf3 Bd7 19. Rb1 Rh6 20. g3 Re8
21. Re1 Qg6 22. Re2 Rc8 23. Qe1 f5 24. Ra1 Qb6 25. Qb1 Rc4 26. Kg2 Rg6 27. Bh5
Rh6 28. Bf3 Rg6 29. Ra2 a6 30. Rb2 a5 31. Ra2 Qc7 32. b6 Rxb6 33. Qa1 Ra6 34.
Re1 Rc5 35. Be2 Ra8 36. Nb3 Rc6 37. Rxa5 Rxa5 38. Qxa5 Qxa5 39. Nxa5 Rb6 40. c4
d4 41. d3 Nc5 42. Bf3 Rb2+ 43. Kg1 Kf7 44. Re5 Nxd3 45. Rd5 Rb1+ 46. Kg2 Ne1+
47. Kf2 Be6 48. Rxd4 Nxf3 49. Kxf3 Kf6 50. h3 Rc1 51. Nxb7 Rc3+ 52. Kf2 Rxc4
53. Rxc4 Bxc4 54. Ke3 Bd5 55. Nc5 Bg2 56. h4 Bc6 57. Nd3 g6 58. Ne5 Bb5 59. Kd4
1/2-1/2

[Event "22nd European Club Cup 2006"]
[Site "?"]
[Date "2006.10.14"]
[Round "7"]
[White "Scannell, Stephen"]
[Black "Bezold, Michael"]
[Result "0-1"]
[WhiteElo "2157"]
[BlackElo "2535"]
[PlyCount "90"]
[EventDate "2006.10.08"]

1. d4 Nf6 2. Nf3 c5 3. e3 g6 4. b3 Bg7 5. Bb2 cxd4 6. exd4 d5 7. Bd3 Nc6 8. O-O
O-O 9. a3 Nh5 10. Qd2 Qd6 11. Re1 Nf4 12. Bf1 Bf5 13. g3 Ne6 14. c3 Rac8 15.
Qe3 Nc7 16. Nbd2 b5 17. b4 f6 18. a4 a6 19. axb5 axb5 20. Nb3 Rce8 21. Nc5 Bc8
22. Rad1 e5 23. Qd2 h6 24. dxe5 fxe5 25. c4 bxc4 26. Nh4 g5 27. Ng2 Nd4 28. Be2
Nxe2+ 29. Qxe2 Nb5 30. f4 Qc6 31. Qd2 d4 32. Qc2 c3 33. Bc1 Bf5 34. Qb3+ Kh8
35. fxg5 Bh3 36. Nh4 Bg4 37. gxh6 Bxh6 38. Bxh6 Qxh6 39. Ra1 Bh3 40. Qc2 Rf6
41. Qd3 Nd6 42. Ra7 Ref8 43. Raa1 Qd2 44. Rad1 Qf2+ 45. Kh1 c2 0-1

[Event "22nd European Club Cup 2006"]
[Site "?"]
[Date "2006.10.14"]
[Round "7"]
[White "McDonnell, James J"]
[Black "Novkovic, Milan"]
[Result "0-1"]
[WhiteElo "2033"]
[BlackElo "2417"]
[PlyCount "111"]
[EventDate "2006.10.08"]

1. e4 c5 2. Nf3 e6 3. d4 cxd4 4. Nxd4 Nf6 5. Bd3 Nc6 6. Nxc6 dxc6 7. O-O e5 8.
Qe2 Bc5 9. Be3 Qe7 10. h3 O-O 11. Nd2 Bxe3 12. fxe3 Be6 13. a3 Rad8 14. Rad1 b5
15. Rf2 Nd7 16. c3 a6 17. Bc2 c5 18. c4 Rb8 19. b3 Nf6 20. Rff1 Rfd8 21. Nb1 b4
22. Rxd8+ Rxd8 23. Rd1 a5 24. a4 Kf8 25. Rxd8+ Qxd8 26. Qd3 Qb8 27. Bd1 Ke7 28.
Nd2 Bd7 29. Bf3 Bc6 30. Kf1 Ne8 31. Kg1 Nd6 32. Qc2 f6 33. Kf1 Qe8 34. Qb1 Qg6
35. Kf2 Qh6 36. Ke2 Qg5 37. g4 Qh4 38. Qf1 Bd7 39. Qg2 Nf7 40. Qh1 Ng5 41. Bg2
h5 42. Qf1 hxg4 43. hxg4 Bxg4+ 44. Kd3 Nf7 45. Bf3 Bd7 46. Qg2 g5 47. Qe2 g4
48. Bg2 Ng5 49. Kc2 Be6 50. Kd3 Qh2 51. Nf1 Qh4 52. Nd2 Bf7 53. Qf1 Bg6 54. Kc2
Qh2 55. Kd3 Qg3 56. Kc2 0-1

[Event "22nd European Club Cup 2006"]
[Site "?"]
[Date "2006.10.14"]
[Round "7"]
[White "Van Haastert, Edwin"]
[Black "Bucinskas, Valdas"]
[Result "0-1"]
[WhiteElo "2393"]
[BlackElo "2336"]
[PlyCount "72"]
[EventDate "2006.10.08"]

1. e4 c5 2. Nf3 e6 3. d4 cxd4 4. Nxd4 Qb6 5. Nb3 d6 6. Nc3 a6 7. Bd3 Nf6 8. Bd2
Be7 9. f4 Nc6 10. Qf3 O-O 11. O-O-O Qc7 12. g4 Rd8 13. g5 Nd7 14. h4 b5 15. h5
Nc5 16. Nxc5 dxc5 17. e5 Bb7 18. Bxh7+ Kxh7 19. g6+ Kg8 20. gxf7+ Kxf7 21. Qg4
Ke8 22. Qg6+ Kd7 23. Nxb5 axb5 24. Ba5+ Nd4 25. Bxc7 Kxc7 26. Qxg7 Nf5 27. Qf7
Bxh1 28. Rxd8 Rxd8 29. Qxe6 Be4 30. Qa6 Nd4 31. Kd2 Ra8 32. Qh6 Rxa2 33. Kc1
Bxc2 34. Qh8 Ra1+ 35. Kd2 Rd1+ 36. Ke3 Nf5+ 0-1

[Event "22nd European Club Cup 2006"]
[Site "?"]
[Date "2006.10.14"]
[Round "7"]
[White "Mickevicius, Juras"]
[Black "Bosman, Michiel"]
[Result "1/2-1/2"]
[WhiteElo "2273"]
[BlackElo "2339"]
[PlyCount "39"]
[EventDate "2006.10.08"]

1. d4 Nf6 2. c4 e6 3. Nf3 d5 4. Nc3 dxc4 5. Qa4+ c6 6. Qxc4 b5 7. Qb3 Nbd7 8.
Bg5 h6 9. Bh4 a6 10. Rd1 Qa5 11. Bxf6 Nxf6 12. g3 c5 13. Bg2 Bb7 14. O-O Be7
15. dxc5 O-O 16. Ne5 Bxg2 17. Kxg2 Qc7 18. Nd3 Bxc5 19. Nxc5 Qxc5 20. a3
1/2-1/2

[Event "22nd European Club Cup 2006"]
[Site "?"]
[Date "2006.10.14"]
[Round "7"]
[White "Bakker, Sven"]
[Black "Chocenka, Dmitrijus"]
[Result "0-1"]
[WhiteElo "2237"]
[BlackElo "2272"]
[PlyCount "126"]
[EventDate "2006.10.08"]

1. d4 Nf6 2. c4 g6 3. Nc3 Bg7 4. e4 d6 5. f3 O-O 6. Be3 Nc6 7. Nge2 Re8 8. Qd2
a6 9. a3 Bd7 10. b4 Qb8 11. Rb1 e6 12. g4 b5 13. c5 Qd8 14. Bg2 dxc5 15. bxc5
Na5 16. Bf2 Nc4 17. Qc1 h5 18. h3 c6 19. g5 Nh7 20. f4 f6 21. gxf6 Nxf6 22. O-O
Bh6 23. Bh4 e5 24. dxe5 Rxe5 25. Qd1 Re8 26. e5 Ne3 27. Qc1 Nxg2 28. Bxf6 Qc8
29. Kxg2 Bxh3+ 30. Kh2 Bxf1 31. Qxf1 Qf5 32. Rd1 a5 33. Rd4 b4 34. axb4 axb4
35. Rxb4 Ra3 36. Qh3 Bf8 37. Qxf5 gxf5 38. Rc4 Kf7 39. Kg3 Rb8 40. Kh4 Kg6 41.
Bg5 Ra1 42. Kg3 Rb2 43. e6 Ra3 44. Nd4 Bg7 45. e7 Kf7 46. Nxf5 Bxc3 47. Nd6+
Kg7 48. Kf3 Bf6+ 49. Ke4 Re2+ 50. Kf5 Bxe7 51. Bxe7 Rxe7 52. Kg5 Re1 53. Nf5+
Kf7 54. Rd4 Rg1+ 55. Kh6 h4 56. Nd6+ Ke7 57. Re4+ Kd7 58. f5 h3 59. f6 h2 60.
Re7+ Kd8 61. Re8+ Kc7 62. Re7+ Kb8 63. Re8+ Ka7 0-1

[Event "22nd European Club Cup 2006"]
[Site "?"]
[Date "2006.10.14"]
[Round "7"]
[White "Wirig, Anthony"]
[Black "Pilgaard, Kim"]
[Result "1-0"]
[WhiteElo "2439"]
[BlackElo "2421"]
[PlyCount "101"]
[EventDate "2006.10.08"]

1. e4 e5 2. Nf3 Nc6 3. Bb5 a6 4. Bxc6 dxc6 5. O-O Bg4 6. h3 h5 7. d3 Qf6 8. Be3
Bxf3 9. Qxf3 Qxf3 10. gxf3 Bd6 11. Nd2 Ne7 12. Rfb1 Ng6 13. b4 f5 14. Kf1 O-O
15. Ke2 b6 16. Nc4 fxe4 17. dxe4 Nf4+ 18. Bxf4 Rxf4 19. Rb3 Raf8 20. Rd1 R8f6
21. Rbd3 Bxb4 22. Nxe5 Re6 23. Rd8+ Rf8 24. Rxf8+ Kxf8 25. Nd3 Bd6 26. Ke3 Kf7
27. f4 g6 28. e5 b5 29. f5 gxf5 30. Kf4 Be7 31. Kxf5 Rg6 32. Nf4 Rg5+ 33. Ke4
Ke8 34. Ne6 Rg2 35. Kf3 Rg8 36. Rd3 a5 37. Nxc7+ Kf7 38. Ke4 Bc5 39. Rc3 Rc8
40. Rxc5 Rxc7 41. f4 a4 42. h4 Rc8 43. c4 b4 44. Ra5 a3 45. Ra7+ Kg6 46. f5+
Kh6 47. e6 Rd8 48. e7 Re8 49. Ke5 b3 50. axb3 a2 51. Ke6 1-0

[Event "22nd European Club Cup 2006"]
[Site "?"]
[Date "2006.10.14"]
[Round "7"]
[White "Bromann, Thorbjorn"]
[Black "Berend, Fred"]
[Result "1-0"]
[WhiteElo "2379"]
[BlackElo "2354"]
[PlyCount "89"]
[EventDate "2006.10.08"]

1. e4 c5 2. Nf3 d6 3. d4 cxd4 4. Nxd4 Nf6 5. Nc3 Nc6 6. Bg5 e6 7. Qd2 Be7 8.
O-O-O O-O 9. Nb3 a6 10. Bxf6 Bxf6 11. Qxd6 Bxc3 12. bxc3 Qb6 13. Qc5 Qxc5 14.
Nxc5 b6 15. Rd6 bxc5 16. Rxc6 Bb7 17. Rxc5 Bxe4 18. f3 Bb7 19. Rc7 Rab8 20. Be2
Rfc8 21. Rxb7 Rxb7 22. Bxa6 Rbc7 23. Bxc8 Rxc8 24. a4 Ra8 25. Rd1 f5 26. Rd4
Kf7 27. Kb2 g5 28. Kb3 h5 29. c4 e5 30. Rd5 Ke6 31. a5 g4 32. Rb5 h4 33. Rb6+
Ke7 34. fxg4 f4 35. Rb5 Ke6 36. h3 Rf8 37. a6 e4 38. Rf5 Ra8 39. Kc3 Rxa6 40.
Rxf4 Ra3+ 41. Kd4 Rg3 42. Rxe4+ Kd6 43. Re2 Ra3 44. c5+ Kd7 45. Kd5 1-0

[Event "22nd European Club Cup 2006"]
[Site "?"]
[Date "2006.10.14"]
[Round "7"]
[White "Niklasch, Oliver"]
[Black "Brinck Claussen, Bjorn"]
[Result "1/2-1/2"]
[WhiteElo "2419"]
[BlackElo "2361"]
[PlyCount "23"]
[EventDate "2006.10.08"]

1. d4 d5 2. c4 e6 3. Nc3 c5 4. cxd5 exd5 5. Nf3 Nc6 6. g3 Nf6 7. Bg2 Be7 8. O-O
O-O 9. Bg5 cxd4 10. Nxd4 h6 11. Be3 Re8 12. Rc1 1/2-1/2

[Event "22nd European Club Cup 2006"]
[Site "?"]
[Date "2006.10.14"]
[Round "7"]
[White "Baburin, Alexander"]
[Black "Jones, Gawain C"]
[Result "1/2-1/2"]
[WhiteElo "2541"]
[BlackElo "2430"]
[PlyCount "88"]
[EventDate "2006.10.08"]

1. d4 e6 2. c4 b6 3. a3 Bb7 4. Nc3 f5 5. d5 Nf6 6. dxe6 dxe6 7. Qxd8+ Kxd8 8.
Nf3 Bd6 9. h3 Nbd7 10. Bg5 h6 11. Bxf6+ Nxf6 12. e3 Ke7 13. Be2 a6 14. Rg1 Ne4
15. Nxe4 Bxe4 16. Nd2 Be5 17. Nxe4 fxe4 18. O-O-O c5 19. Rd2 Rad8 20. Rgd1 Rxd2
21. Rxd2 Rd8 22. Rxd8 Kxd8 23. Bh5 Bh2 24. Kd2 Be5 25. b3 Bb2 26. a4 a5 27. Bg6
Ke7 28. h4 Kf6 29. Bxe4 g6 30. g4 Kf7 31. g5 hxg5 32. hxg5 Bg7 33. Kd3 Bh8 34.
f4 Bg7 35. Bb7 Bb2 36. Ke4 Ke7 37. Bc8 Kf7 38. Kf3 Bg7 39. e4 Bd4 40. f5 gxf5
41. exf5 exf5 42. Kf4 Bc3 43. Kxf5 Bb4 44. Be6+ Kg7 1/2-1/2

[Event "22nd European Club Cup 2006"]
[Site "?"]
[Date "2006.10.14"]
[Round "7"]
[White "Tweedie, Steven"]
[Black "Heidenfeld, Mark"]
[Result "1/2-1/2"]
[WhiteElo "2239"]
[BlackElo "2365"]
[PlyCount "46"]
[EventDate "2006.10.08"]

1. e4 e5 2. Nf3 Nc6 3. Bc4 Nf6 4. d3 Be7 5. O-O O-O 6. c3 d5 7. exd5 Nxd5 8. h3
Nb6 9. Bb3 Bf5 10. Bc2 Qd5 11. Bg5 Rad8 12. Bxe7 Nxe7 13. d4 Bxc2 14. Qxc2 Nc6
15. Nxe5 Nxe5 16. dxe5 Nc4 17. b3 Nxe5 18. c4 Qd3 19. Na3 Qxc2 20. Nxc2 Rd2 21.
Ne3 Rfd8 22. Rfd1 Kf8 23. Kf1 c6 1/2-1/2

[Event "22nd European Club Cup 2006"]
[Site "?"]
[Date "2006.10.14"]
[Round "7"]
[White "Mcphillips, Karl"]
[Black "Kafka, Graeme"]
[Result "1/2-1/2"]
[WhiteElo "2208"]
[BlackElo "2136"]
[PlyCount "21"]
[EventDate "2006.10.08"]

1. d4 d5 2. c4 c6 3. Nf3 Nf6 4. e3 e6 5. Nbd2 Nbd7 6. b3 Be7 7. Bb2 O-O 8. Bd3
b6 9. O-O Bb7 10. Qe2 c5 11. Rfd1 1/2-1/2

[Event "22nd European Club Cup 2006"]
[Site "?"]
[Date "2006.10.14"]
[Round "7"]
[White "Purton, Ben"]
[Black "Keogh, Eamon"]
[Result "1-0"]
[WhiteElo "2091"]
[BlackElo "2093"]
[PlyCount "51"]
[EventDate "2006.10.08"]

1. e4 e5 2. Nf3 d6 3. d4 exd4 4. Nxd4 Nf6 5. Nc3 Be7 6. Be2 Nc6 7. Be3 Bd7 8.
g4 h5 9. gxh5 Nxd4 10. Bxd4 c5 11. Be3 Bc6 12. Bf3 Qd7 13. Rg1 O-O-O 14. Qe2
Qe6 15. Bf4 Rhe8 16. O-O-O Bf8 17. Rde1 Qd7 18. Bg5 Kb8 19. h6 Qc7 20. Qd2 b5
21. Nd5 Bxd5 22. exd5 Rxe1+ 23. Rxe1 Qd7 24. Qf4 Re8 25. Rxe8+ Qxe8 26. hxg7
1-0